Uplands policy review (Record no. 112069)
[ view plain ]
| 000 -LEADER | |
|---|---|
| fixed length control field | 01259cad a22001935a 4500 |
| 001 - CONTROL NUMBER | |
| control field | L152485 |
| 008 - FIXED-LENGTH DATA ELEMENTS--GENERAL INFORMATION | |
| fixed length control field | 110317s2011 xxk f 000 0 eng d |
| 035 ## - SYSTEM CONTROL NUMBER | |
| System control number | (Sirsi) u152485 |
| 041 0# - LANGUAGE CODE | |
| Language code of text/sound track or separate title | eng |
| 110 2# - MAIN ENTRY--CORPORATE NAME | |
| Corporate name or jurisdiction name as entry element | United Kingdom |
| Subordinate unit | Department for Environment Food and Rural Affairs |
| 245 00 - TITLE STATEMENT | |
| Title | Uplands policy review |
| Medium | [electronic resource] |
| 260 ## - PUBLICATION, DISTRIBUTION, ETC. | |
| Place of publication, distribution, etc. | London |
| Name of publisher, distributor, etc. | DEFRA |
| Date of publication, distribution, etc. | 2011 |
| 520 ## - SUMMARY, ETC. | |
| Summary, etc. | Uplands Policy Review document is launched setting out a wide range of commitments by Government to enable the English uplands to become more economically, socially and environmentally sustainable. Key measures include a promise that every hill farmer eligible to enter Uplands Entry Level Stewardship - the key environmental management scheme for hill farmers will be able to do so and a new rural Community Broadband Fund worth up to £20m will be set up to allow local communities to apply for help with small scale broadband projects. Further announcements will be made on these measures in the coming months. |
| 590 ## - LOCAL NOTE (RLIN) | |
| Local note | KA NTK |
| 651 #4 - SUBJECT ADDED ENTRY--GEOGRAPHIC NAME | |
| Geographic name | England |
| Chronological subdivision | 886- |
| 690 ## - LOCAL SUBJECT ADDED ENTRY--TOPICAL TERM (OCLC, RLIN) | |
| Topical term or geographic name as entry element | PROPERTY-RURAL AND NATURAL ASSETS |
| 856 40 - ELECTRONIC LOCATION AND ACCESS | |
| Uniform Resource Identifier | <a href="https://www.defra.gov.uk/rural/documents/interim2/upland-policy-review2011.pdf">https://www.defra.gov.uk/rural/documents/interim2/upland-policy-review2011.pdf</a> |
| Public note | View the report free of charge at www.defra.gov.uk |
| 942 ## - ADDED ENTRY ELEMENTS (KOHA) | |
| Suppress in OPAC | 0 |
| Withdrawn status | Lost status | Source of classification or shelving scheme | Damaged status | Not for loan | Home library | Current library | Shelving location | Date acquired | Total Checkouts | Full call number | Barcode | Date last seen | Copy number | Price effective from | Koha item type |
|---|---|---|---|---|---|---|---|---|---|---|---|---|---|---|---|
| Dewey Decimal Classification | Virtual | Virtual | Online | 17/03/2011 | ONLINE PUBLICATION | 152485-2001 | 06/08/2019 | 1 | 06/08/2019 | Book |